000 00600nam a2200241Ia 4500
003 OSt
005 20221005132854.0
006 a|||||r|||| 00| 0
007 ta
008 221004b |||||||| |||| 00| 0 tam d
024 _a50678
037 _cTextual
040 _aCRL
_cCRL
_btam
041 _2tam
_atam
082 _aO31,3NTHU,24, M0
100 _aThumilan Au.
_9584150
245 0 _aVanitha B. A.
260 _c1980
650 _a TAMIL LITERATURE
650 _aTAMIL FICTION
942 _hO31,3NTHU,24, M0
_cTEXL
_2cc
999 _c1065082
_d1065082